000
00292nam a2200109Ia 4500
008
200302s9999 xx 000 0 und d
100
_a
Krishen Khanna and Others
245
_a
Lines from an artistic life the drawings of adimoolam
260
_b
Mapin Publishing
260
_c
2007
300
_a
164
999
_c
6524
_d
6524